00459nam a2200145Ia 4500003000900000008004100009020002600050020002700076040001600103100002600119245005100145260003200196300002000228856006500248IN-BaIIA211028s9999 xx s 000 0 eng d a9780819420237 (Print) a9780819480477 (Online) cIIA Library aAlexander, Stephen B. 0aOptical Communication Receiver Designh[eBook] aWashington, USAbSPIEc1997 aOnline resource uhttps://doi.org/10.1117/3.219402yClick Here to Access eBook